Исследование по усовершенствованию метода синтеза 1,4-бис (фенилглиоксалоил) бензола: Заключительный отчет о НИР; Тема: 5-125/79

Библиографические подробности
Автор-организация: Томский политехнический институт (ТПИ) (595)
Другие авторы: Новиков А. Н. (руководитель), Ковалева Л. Ф. (исполнитель)
Язык:русский
Опубликовано: Томск, 1981
Предметы:
Формат: MixedMaterials Книга
Запись в KOHA:https://koha.lib.tpu.ru/cgi-bin/koha/opac-detail.pl?biblionumber=159892

MARC

LEADER 00000nbm0a2200000 4500
001 159892
005 20231031155403.0
029 0 0 |a SU  |b 81095364  |f ТПУ 
035 |a (RuTPU)RU\TPU\book\173408 
090 |a 159892 
100 |a 20090515d1981 k y0rusy50 ca 
101 0 |a rus 
102 |a RU 
105 |a a p 001zy 
200 1 |a Исследование по усовершенствованию метода синтеза 1,4-бис (фенилглиоксалоил) бензола  |e Заключительный отчет о НИР  |e Тема: 5-125/79  |f Томский политехнический институт (ТПИ) ; руководитель А. Н. Новиков ; Л. Ф. Ковалева 
210 |a Томск  |d 1981 
215 |a 35 л. 
320 |a Библиогр.: с. 33-35. 
610 1 |a отчеты о НИР 
610 1 |a этилирование 
610 1 |a арилирование 
610 1 |a винилирование 
610 1 |a катализаторы 
610 1 |a дитолан 
610 1 |a стирол 
610 1 |a дивинилбензол 
610 1 |a нафталин 
610 1 |a аценафтен 
610 1 |a флуорантен 
675 |a 678.746.4(04)  |v 3 
702 1 |a Новиков  |b А. Н.  |4 673 
702 1 |a Ковалева  |b Л. Ф.  |4 677 
712 0 2 |a Томский политехнический институт (ТПИ)  |c (1944-1991)  |2 stltpush  |3 (RuTPU)RU\TPU\col\1123  |4 595 
801 1 |a RU  |b 63413507  |c 20090515  |g PSBO 
801 2 |a RU  |b 63413507  |c 20171005  |g RCR 
942 |c BK